000
00302nam a22001097a 4500
082
_a
620.112 ROS'E
100
_a
WULFF, J,ROSE, R. M,SHEPARD, L. A
_9
77359
245
_a
ELECTRONIC PROPERTIES STRUCTURES AND PROPERTIES OF MATERIAL
260
_a
NEWYORK
_b
JOHN WILEY
_c
1966
300
_a
306P
942
_c
BK
999
_c
582642
_d
582642